00723nam a2200241 a 4500001001300000003000900013005001700022008004100039020002200080082001900102100002000121245004300141260002500184300000900209500003500218505001900253650003900272700002000311902000800331942000700339952011800346999001700464nice12345678IN_TiNIC20260116013304.0050524s1998 dela grp 000 0 eng  a8172140 c8500a270.50954bENG aEngland, John C aHidden History of Christianity in Asia aDelhi bISPCK c1998 a203p aincludes index and biblioraphy2 aNine Pamphlets aChurch-History Modern Period, 15001 aEngland, John C bSRS cBK 001040708StackRoom-aHMIbHMId2007-07-17g85.00l0o270.50954 ENGp018320r2007-07-17v85.00w2005-05-24yBK c10423d10423